| 000 | 01702cam a22003614a 4500 | ||
|---|---|---|---|
| 001 | 12593176 | ||
| 003 | OSt | ||
| 005 | 20240216102046.0 | ||
| 008 | 011119s2002 nyua 001 0 eng | ||
| 010 | _a 2001007394 | ||
| 020 | _a1568983182 | ||
| 020 | _a9781568987118 | ||
| 040 |
_aDLC _cDLC _dDLC |
||
| 042 | _apcc | ||
| 050 | 0 | 0 |
_aNK1390 _b.L87 2002 |
| 082 | 0 | 0 |
_a745.409045 _221 _bLUP |
| 100 | 1 |
_aLupton, Ellen. _934245 |
|
| 245 | 1 | 0 |
_aSkin : _bsurface, substance + design / _cEllen Lupton ; with essays by Jennifer Tobias ... [et al.]. |
| 250 | _a1st ed. | ||
| 260 |
_aNew York : _bPrinceton Architectural Press, _cc2002. |
||
| 300 |
_a239 p. : _bcol. ill. ; _c24 cm. |
||
| 500 | _aIncludes index. | ||
| 505 | 0 | _aSkin, new design organics / Ellen Lupton -- Artificial skin, ingrown and outsourced / Jennifer Tobias -- Digital skins, the architecture of surface / Alicia Imperiale -- Beauty, horror + biotechnology -- Vessels + membranes -- Intelligence + touch -- Artificial light + artificial life -- Padding + protection -- Warps + folds. | |
| 650 | 0 |
_aDesign _xHistory _y20th century. _933922 |
|
| 650 | 0 |
_aSurfaces. _926705 |
|
| 650 | 0 |
_aMaterials. _99342 |
|
| 700 | 1 |
_aTobias, Jennifer. _9120615 |
|
| 856 | 4 | 2 |
_3Publisher description _uhttp://www.loc.gov/catdir/enhancements/fy0722/2001007394-d.html |
| 856 | 4 | 2 |
_3Contributor biographical information _uhttp://www.loc.gov/catdir/enhancements/fy0731/2001007394-b.html |
| 906 |
_a7 _bcbc _corignew _d1 _eecip _f20 _gy-gencatlg |
||
| 942 |
_2ddc _cBK _aSADA _k745.409045 LUP 2002 |
||
| 999 |
_c607804 _d607804 |
||